| 000 | 01051nam0a22002411i 4500 | ||
|---|---|---|---|
| 001 | rc\4665793 | ||
| 005 | 20240726035320.0 | ||
| 021 |
_aRU _bРг-7677-69 |
||
| 021 |
_aRU _b69-112141 |
||
| 035 | _a(NLR Aleph) 008418960 | ||
| 090 |
_a9344447 _c9344447 |
||
| 100 | _a20130416d1968 |||y0rusy50 ca | ||
| 101 | 0 | _arus | |
| 102 | _aRU | ||
| 105 | _ay d ||||| | ||
| 200 | 1 |
_aОтдаленные последствия туберкулезного поражения позвоночника, начавшегося в детстве, как причина инвалидности _e(Клинико-рентгенол. исследование) _eАвтореферат дис. на соискание ученой степени кандидата медицинских наук _fЦентр. науч.-исслед. рентгенорадиол. ин-т |
|
| 210 |
_aЛенинград _d1968 |
||
| 215 |
_a26 с. _d21 |
||
| 700 | 1 |
_aПерц _bР.Г. |
|
| 801 | 0 |
_aRU _bNLR _gpsbo |
|
| 801 | 1 |
_aRU _bELAR _2rusmarc |
|
| 852 |
_aNLR _j69-4/17565 |
||
| 942 | _cBOOK | ||